समय के गहरे पानी में/ (Record no. 67501)

MARC details
000 -LEADER
fixed length control field 00780nam a22001697a 4500
005 - DATE AND TIME OF LATEST TRANSACTION
control field 20120604163127.0
020 ## - INTERNATIONAL STANDARD BOOK NUMBER
International Standard Book Number 8188693537
Terms of availability 200.00
082 ## - DEWEY DECIMAL CLASSIFICATION NUMBER
Classification number 821
100 ## - MAIN ENTRY--PERSONAL NAME
Personal name आन्द्रे, अशोक
245 ## - TITLE STATEMENT
Title समय के गहरे पानी में/
Statement of responsibility, etc अशोक आन्द्रे
260 ## - PUBLICATION, DISTRIBUTION, ETC. (IMPRINT)
Place of publication, distribution, etc दिल्ली
Name of publisher, distributor, etc मित्तल एंड संस
Date of publication, distribution, etc 2012
270 ## - ADDRESS
Address सी-32, आर्यनगर सोसायटी, पटपड़गंज
Postal code 110092
Telephone number 22722155
300 ## - PHYSICAL DESCRIPTION
Extent 103 पृ.
Dimensions 22 सें.मी. (सजिल्द)
942 ## - ADDED ENTRY ELEMENTS (KOHA)
Source of classification or shelving scheme Dewey Decimal Classification
Item type Hindi Books
Classification part 821
Call number suffix आन्द्रे
Holdings
Withdrawn status Lost status Not for loan Home library Current library Date acquired Cost, normal purchase price Full call number Cost, replacement price Koha item type
      Andrews Gunj Andrews Gunj 04/06/2012 200.00 821 आन्द्रे 200.00 Hindi Books

© Delhi Public Library
Hit Counter
free hit counter